Statistiques concernant Paroles Générique Pokémon Saison 8 (Advanced Battle)

Cliquez ici pour prendre le quiz!

Statistiques générales

  • Ce quiz a été pris 66 fois
  • Le résultat moyen est 14 sur 26

Statistiques - réponses

Réponse% Correct
Pokémon !
89%
Pokémon !
89%
Pokémon !
89%
Je suis invincible !
68%
Je suis invincible !
68%
Je suis invincible !
68%
Je suis invincible !
68%
Oh-oh-oh
57%
mes amis sont à mes côtés.
53%
Sur le chemin de ma destinée,
53%
(Ultime Combat !)
53%
(Ultime Combat !)
53%
(Ultime Combat !)
53%
Sur la terre, en mer ou dans les airs,
51%
Gagner c'est ma devise !
49%
Gagner c'est ma devise !
49%
Qu'ils viennent d'ailleurs ou du passé,
43%
Oh-oh-oh-oh oh-oh
40%
Oh-oh-oh-oh oh-oh
40%
Oh-oh-oh-oh oh-oh
40%
Oh-oh-oh-oh oh-oh
40%
Oh-oh-oh-oh oh-oh
40%
Une telle rage de vaincre nous anime,
40%
je triompherai de mes pires adversaires.
36%
que nous réussirons cette épreuve ultime.
36%
ils sont venus me battre mais ils vont échouer !
21%

Distribution des résultats

Percentile par nombre de réponses

% des personnes avec chaque résultat

Votre développement - résultats

Vous n’avez pas pris ce quiz